Managing risk in extreme environments front-line business lessons for corporates and financial institutions /

Bibliographic Details
Main Author: Martin, Duncan.
Corporate Author: ProQuest (Firm)
Format: Electronic eBook
Language:English
Published: London ; Philadelphia : Kogan Page, 2008.
Subjects:
Online Access:Click to View
LEADER 01335nam a2200361Ia 4500
001 EBC319680
003 MiAaPQ
005 20200520144314.0
006 m o d |
007 cr cn|||||||||
008 070910s2008 enk sb 001 0 eng d
010 |z  2007037076 
020 |z 0749449454 
020 |z 9780749449452 
035 |a (MiAaPQ)EBC319680 
035 |a (Au-PeEL)EBL319680 
035 |a (CaPaEBR)ebr10502434 
035 |a (CaONFJC)MIL109181 
035 |a (OCoLC)182545383 
040 |a MiAaPQ  |c MiAaPQ  |d MiAaPQ 
050 4 |a HD61  |b .M28 2008 
082 0 4 |a 658.15/5  |2 22 
100 1 |a Martin, Duncan. 
245 1 0 |a Managing risk in extreme environments  |h [electronic resource] :  |b front-line business lessons for corporates and financial institutions /  |c Duncan Martin. 
260 |a London ;  |a Philadelphia :  |b Kogan Page,  |c 2008. 
300 |a ix, 181 p. 
504 |a Includes bibliographical references (p. [169]-172) and index. 
533 |a Electronic reproduction. Ann Arbor, MI : ProQuest, 2015. Available via World Wide Web. Access may be limited to ProQuest affiliated libraries. 
650 0 |a Risk management. 
650 0 |a Emergency management. 
655 4 |a Electronic books. 
710 2 |a ProQuest (Firm) 
856 4 0 |u https://ebookcentral.proquest.com/lib/matrademy/detail.action?docID=319680  |z Click to View